[Event "AUTO-MASTER-2998"]
[Site "http://www.queenalice.com/game.php?id=1629437"]
[Date "2020.10.10"]
[Round "1"]
[White "Faster"]
[Black "rich"]
[Result "1-0"]
[WhiteElo "2393"]
[BlackElo "2056"]

1. e4 c5 2. Nf3 Nc6 3. d4 cxd4 4. Nxd4 Qb6 5. Nb3 Nf6 6. Nc3 d6 7. Be2 e6 8. Bf4
e5 9. Bg5 Be7 10. Bxf6 Bxf6 11. Qxd6 Be7 12. Qd3 Be6 13. Nd5 Qd8 14. c3 O-O 15.
O-O f5 16. Rad1 fxe4 17. Qxe4 Bxd5 18. Rxd5 Qc7 19. Bd3 1-0

[Event "AUTO-MASTER-2998"]
[Site "http://www.queenalice.com/game.php?id=1629438"]
[Date "2020.10.10"]
[Round "1"]
[White "rich"]
[Black "Faster"]
[Result "0-1"]
[WhiteElo "2066"]
[BlackElo "2394"]

1. d4 Nf6 2. c4 e6 3. Nc3 Bb4 4. Qc2 O-O 5. Nf3 c5 6. Bg5 h6 7. Bxf6 Qxf6 8. e3
cxd4 9. exd4 Nc6 10. Rd1 b6 11. Be2 Ba6 12. O-O Bxc3 13. Qxc3 d5 14. Rfe1 Bxc4
15. Bxc4 dxc4 16. Qxc4 Rfc8 17. Qe2 Nb4 18. a3 Nd5 19. Ne5 Rc7 20. Rc1 Rac8 21.
Rxc7 Rxc7 22. g3 Qf5 23. Kg2 Rc2 24. Qf3 Qxf3+ 25. Kxf3 Rxb2 26. Nc6 Ra2 0-1

[Event "AUTO-ELITE-2276"]
[Site "http://www.queenalice.com/game.php?id=1630122"]
[Date "2020.10.17"]
[Round "1"]
[White "Faster"]
[Black "swabeyd"]
[Result "1-0"]
[WhiteElo "2415"]
[BlackElo "2375"]

1. e4 e6 2. d4 d5 3. Nd2 Nf6 4. e5 Nfd7 5. Bd3 c5 6. c3 Nc6 7. Ne2 cxd4 8. cxd4
f6 9. exf6 Nxf6 10. Nf3 Bd6 11. O-O O-O 12. Bg5 Qb6 13. Nc3 h6 14. Na4 Qa5 15.
Bh4 Bd7 16. Nc3 Nh5 17. Bc2 Rac8 18. Bg3 Nf4 19. Re1 Nb4 20. Bb1 Qb6 21. a3 Nc6
22. Kh1 Qxb2 23. Ne2 Rf7 24. Ra2 Qb6 25. Bxf4 Bxf4 26. Qc2 Kf8 27. Qh7 Bd6 28.
Bg6 Rxf3 29. gxf3 Qb3 30. Bh5 Ne7 31. Rd2 Be8 32. Rd3 Qxd3 33. Qxd3 Bxh5 34. Qe3
Rc6 35. Nf4 Bxf4 36. Qxf4+ Kg8 37. Qb8+ Kf7 38. Kg2 Bg6 39. Qxb7 1-0

[Event "AUTO-ELITE-2276"]
[Site "http://www.queenalice.com/game.php?id=1630123"]
[Date "2020.10.17"]
[Round "1"]
[White "swabeyd"]
[Black "Faster"]
[Result "1/2-1/2"]
[WhiteElo "2380"]
[BlackElo "2431"]

1. d4 Nf6 2. Nf3 e6 3. e3 Be7 4. b3 O-O 5. Bb2 d5 6. Bd3 b6 7. O-O Bb7 8. c4
dxc4 9. Bxc4 Nbd7 10. Qe2 a6 11. Rd1 Qb8 12. Nbd2 c5 13. a4 Rd8 14. Rac1 h6 15.
h3 cxd4 16. Bxd4 Ba3 17. Rc2 Be7 18. Bb2 Ne8 19. Qe1 Nef6 20. Qe2 Ne8 21. Bd4
Nef6 22. Bc3 Nd5 23. Bb2 Nb4 24. Rcc1 Bf6 25. Nd4 Ne5 26. Ba3 Be7 27. f4 Nxc4
28. Nxc4 Bd5 29. e4 Bxc4 30. Rxc4 b5 31. Bxb4 bxc4 32. Bxe7 Rd7 33. Ba3 cxb3 34.
Rd3 Rb7 35. Bb2 Qxf4 36. Rf3 Qd6 37. Qe3 Rc8 38. Rg3 Qe5 39. Kh2 f5 40. exf5
Qxe3 41. Rxe3 exf5 42. Re6 a5 43. Ra6 Rc5 44. Ne6 Rc8 45. Rxa5 f4 46. Nd4 Rc4
47. Rb5 Rxb5 48. axb5 Ra4 49. Nc6 Rc4 50. Nd4 g5 51. Kg1 h5 52. Kf2 g4 53. hxg4
hxg4 54. Ke2 Rc7 55. Ke1 Rc5 56. Kd2 Re5 57. Kd3 f3 58. gxf3 gxf3 59. Nxf3 Rxb5
60. Kc4 Rb8 61. Nd4 Rc8+ 62. Kxb3 1/2-1/2

[Event "AUTO-ELITE-2277"]
[Site "http://www.queenalice.com/game.php?id=1630180"]
[Date "2020.10.18"]
[Round "1"]
[White "pt58"]
[Black "Faster"]
[Result "1/2-1/2"]
[WhiteElo "2361"]
[BlackElo "2411"]

1. e4 c5 2. Nf3 d6 3. d4 cxd4 4. Nxd4 Nf6 5. Nc3 a6 6. Bg5 e6 7. f4 Nbd7 8. Qe2
Qc7 9. O-O-O b5 10. a3 Be7 11. g4 h6 12. Bh4 Rb8 13. Bg2 b4 14. axb4 Rxb4 15.
Be1 Qb6 16. Bf2 Qc7 17. h4 h5 18. g5 Ng4 19. g6 O-O 20. e5 Nb8 21. gxf7+ Rxf7
22. Bg3 dxe5 23. f5 exf5 24. Nd5 Qa5 25. Bxe5 Nxe5 26. Qxe5 Qa1+ 27. Kd2 Qxb2
28. Nxe7+ Rxe7 29. Qxe7 Rxd4+ 30. Ke1 Qc3+ 31. Kf2 Kh7 32. Rxd4 Qxd4+ 33. Qe3
Qd6 34. Qg5 Qc5+ 35. Kg3 Nd7 36. Qxh5+ Kg8 37. Qe8+ Kh7 38. Qh5+ 1/2-1/2

[Event "AUTO-ELITE-2277"]
[Site "http://www.queenalice.com/game.php?id=1630181"]
[Date "2020.10.18"]
[Round "1"]
[White "Faster"]
[Black "pt58"]
[Result "1-0"]
[WhiteElo "2422"]
[BlackElo "2398"]

1. e4 c5 2. Nf3 Nc6 3. d4 cxd4 4. Nxd4 Nf6 5. Nc3 e5 6. Ndb5 d6 7. Nd5 Nxd5 8.
exd5 Ne7 9. c4 Ng6 10. Qa4 Bd7 11. Qb4 Qb8 12. Be3 a6 13. Nc3 a5 14. Qa3 Be7 15.
O-O-O O-O 16. Kb1 Nh4 17. Na4 Bf5+ 18. Ka1 Bc2 19. Re1 Bxa4 20. Qxa4 g6 21. a3
Nf5 22. Bd2 Nd4 23. Bc3 Bf6 24. h4 Qc8 25. Re4 Rb8 26. Bd3 Qe8 27. Qd1 Qd7 28.
a4 Ra8 29. f4 b6 30. g4 Rae8 31. h5 Bg7 32. Rhe1 Rd8 33. fxe5 dxe5 34. Rxe5 Nc6
35. R5e3 Bxc3 36. bxc3 Nb8 37. Bc2 Qd6 38. Kb2 Nd7 39. Qd4 1-0

[Event "AUTO-MASTER-2995"]
[Site "http://www.queenalice.com/game.php?id=1637677"]
[Date "2020.12.25"]
[Round "2"]
[White "Torbencarlsen"]
[Black "Faster"]
[Result "1-0"]
[WhiteElo "2355"]
[BlackElo "2340"]

1. Nf3 Nf6 2. c4 e6 3. Nc3 b6 4. g3 Bb7 5. Bg2 Bb4 6. d4 Bxc3+ 7. bxc3 h6 8. O-O
d6 9. a4 O-O 10. a5 Be4 11. axb6 axb6 12. Rxa8 Bxa8 13. Qa4 Bc6 14. Qb3 Nbd7 15.
Bb2 Qb8 16. Ra1 b5 17. cxb5 Bxb5 18. Qc2 Bc4 19. Bc1 Qb5 20. e3 Bd3 21. Qa4 Qf5
22. Nd2 Nb6 23. Qc6 Nfd5 24. e4 Qf6 25. exd5 Nxd5 26. Ra3 Bg6 27. Nf1 1-0

[Event "AUTO-MASTER-2995"]
[Site "http://www.queenalice.com/game.php?id=1637678"]
[Date "2020.12.25"]
[Round "2"]
[White "Faster"]
[Black "Torbencarlsen"]
[Result "0-1"]
[WhiteElo "2402"]
[BlackElo "2270"]

1. e4 g6 2. d4 Bg7 3. Nc3 c6 4. h3 d6 5. f4 e5 6. dxe5 Qh4+ 7. g3 Qxg3+ 8. Ke2
dxe5 9. Nf3 b6 10. Nb5 Ba6 11. c4 cxb5 12. Rg1 Qxg1 13. Nxg1 Ne7 14. fxe5 bxc4
15. Bg5 Bxe5 16. Kf2 Bxb2 17. Rb1 Bg7 18. e5 Nec6 19. Qd6 Bf8 20. Qf6 Bc5+ 21.
Kg3 Rf8 22. Bg2 Bb7 23. Re1 Bb4 24. Re2 Be7 25. Qf4 Bxg5 26. Qxg5 Bc8 27. Rd2 c3
28. Rc2 h6 29. Qe3 Bd7 30. Qxc3 a5 31. Ne2 Ra7 32. Qe3 Rb7 33. Nd4 Nb4 34. Re2
Bc6 0-1

[Event "AUTO-MASTER-2994"]
[Site "http://www.queenalice.com/game.php?id=1640390"]
[Date "2021.1.18"]
[Round "2"]
[White "pt58"]
[Black "Faster"]
[Result "1/2-1/2"]
[WhiteElo "2509"]
[BlackElo "2430"]

1. e4 e6 2. d4 d5 3. Nc3 Nf6 4. Bg5 dxe4 5. Nxe4 Nbd7 6. Nxf6+ Nxf6 7. Nf3 c5 8.
Be2 h6 9. Bf4 Bd6 10. Bxd6 Qxd6 11. dxc5 Qxc5 12. Qd4 Qxc2 13. Bb5+ Bd7 14.
Bxd7+ Nxd7 15. O-O Nf6 16. Rac1 Qe4 17. Qc5 Qc6 18. Qa3 Qb6 19. Rfd1 Qa6 20.
Qxa6 bxa6 21. Rd6 O-O 22. Rxa6 Rfc8 23. Rxc8+ Rxc8 24. Ne1 Rc7 25. g3 g5 26. Nd3
1/2-1/2

[Event "AUTO-MASTER-2994"]
[Site "http://www.queenalice.com/game.php?id=1640391"]
[Date "2021.1.18"]
[Round "2"]
[White "Faster"]
[Black "pt58"]
[Result "0-1"]
[WhiteElo "2386"]
[BlackElo "2573"]

1. e4 d6 2. d4 Nf6 3. Nc3 g6 4. Be3 c6 5. h3 Nbd7 6. a4 Bg7 7. Nf3 O-O 8. Be2 e5
9. dxe5 Nxe5 10. Qd2 Qa5 11. Nd4 b5 12. Nb3 Qb4 13. axb5 Nxe4 14. Nxe4 Qxe4 15.
O-O cxb5 16. Bxb5 Bb7 17. f4 Nc4 18. Bxc4 Qxc4 19. Bd4 Rfe8 20. Rf2 Bxd4 21.
Nxd4 f5 22. b3 Qc5 23. Ra5 Qb6 24. Rb5 Qc7 25. Rb4 Re4 26. Rc4 Qb6 27. Re2 Rae8
28. Rxe4 fxe4 29. Qe3 d5 30. Ra4 Bc6 31. Ra1 Bb5 32. Re1 a6 33. Rd1 Qb8 34. f5
Qe5 35. fxg6 hxg6 36. Nxb5 axb5 37. Qb6 Kh7 38. Qxb5 e3 39. Rxd5 Qe4 40. Rd7+
Kh6 41. Qe2 Ra8 42. Rd1 Qe5 43. h4 Ra1 44. Rxa1 Qxa1+ 0-1

[Event "AUTO-MASTER-2992"]
[Site "http://www.queenalice.com/game.php?id=1758344"]
[Date "2021.5.2"]
[Round "2"]
[White "Faster"]
[Black "Takeda"]
[Result "0-1"]
[WhiteElo "2432"]
[BlackElo "2057"]

1. e4 b6 2. d4 Bb7 3. Bd3 Nf6 4. Qe2 e6 5. Nf3 Bb4+ 6. c3 Be7 7. e5 Nd5 8. c4
Nb4 9. Be4 Bxe4 10. Qxe4 d5 11. exd6 Bxd6 12. Qxa8 Nc2+ 13. Ke2 Nxa1 14. Qe4 Nd7
15. Bg5 Nf6 16. Qc6+ Qd7 17. Qa8+ Qd8 18. Qxd8+ Kxd8 0-1

[Event "AUTO-MASTER-2992"]
[Site "http://www.queenalice.com/game.php?id=1758345"]
[Date "2021.5.2"]
[Round "2"]
[White "Takeda"]
[Black "Faster"]
[Result "1-0"]
[WhiteElo "2087"]
[BlackElo "2417"]

1. e4 c5 2. Nf3 d6 3. d4 cxd4 4. Nxd4 Nf6 5. Nc3 a6 6. Bg5 e6 7. Qd2 Be7 8.
O-O-O b5 9. Ndxb5 axb5 10. Bxb5+ Bd7 11. Bxd7+ Nfxd7 12. Bxe7 Qxe7 13. Qxd6 Qxd6
14. Rxd6 Ke7 15. Rhd1 g5 16. a3 h5 17. Nb5 h4 18. h3 Ra5 19. Nc3 1-0

[Event "AUTO-MASTER-2992"]
[Site "http://www.queenalice.com/game.php?id=1758346"]
[Date "2021.5.2"]
[Round "2"]
[White "Faster"]
[Black "cerenzo72"]
[Result "0-1"]
[WhiteElo "2359"]
[BlackElo "2110"]

1. e4 c5 2. Nf3 a6 3. c4 Nc6 4. d4 cxd4 5. Nxd4 e5 6. Nf5 d6 7. Ne3 Nf6 8. Nc3
b6 9. Ned5 Bb7 10. Nxf6+ Qxf6 0-1

[Event "AUTO-MASTER-2992"]
[Site "http://www.queenalice.com/game.php?id=1758347"]
[Date "2021.5.2"]
[Round "2"]
[White "cerenzo72"]
[Black "Faster"]
[Result "1-0"]
[WhiteElo "2085"]
[BlackElo "2380"]

1. e4 c5 2. Nf3 d6 3. Nc3 Nf6 4. d4 cxd4 5. Nxd4 a6 6. Be2 e6 7. Be3 Qc7 8. f4
b5 9. Bf3 Bb7 10. e5 dxe5 11. Bxb7 1-0